Statistics for Songs by Letter - B

Click here to take the quiz!

General Stats

  • This quiz has been taken 92 times
  • The average score is 9 of 18

Answer Stats

SongArtist% Correct
Bohemian RhapsodyQueen
99%
Billie JeanMichael Jackson
95%
...Baby One More TimeBritney Spears
94%
Born To RunBruce Springsteen
71%
Bridge Over Troubled WaterSimon & Garfunkel
67%
Bitter Sweet SymphonyThe Verve
65%
Blurred LinesRobin Thicke feat. T.I. & Pharrell
63%
Blue (Da Ba Dee)Eiffel 65
45%
Bleeding LoveLeona Lewis
42%
Bad DayDaniel Powter
40%
Beds Are BurningMidnight Oil
39%
Blue MondayNew Order
36%
Best Of YouFoo Fighters
33%
Breaking The LawJudas Priest
29%
Be My BabyThe Ronettes
28%
Best Of My LoveThe Emotions
24%
ButterflyCrazy Town
23%
BrokenSeether feat. Amy Lee
10%

Score Distribution

Percentile by Number Answered

Percent of People with Each Score

Your Score History

You have not taken this quiz